| 000 | 00354nam a22001577a 4500 | ||
|---|---|---|---|
| 020 | _a9780195669060 | ||
| 040 | _cNust | ||
| 082 |
_a330 _bLIP |
||
| 100 | _aLipsey | ||
| 110 |
_aChrystal _9123370 |
||
| 245 | _aEconomics | ||
| 250 | _a10th Edition | ||
| 260 |
_aNew Delhi: _bOxford university Press, _c2004. |
||
| 650 | _aEconomics | ||
| 942 |
_2ddc _cBK |
||
| 999 |
_c609583 _d609583 |
||